书目信息 |
| 书名: | Songs of Stephen Foster | |
| 作者: | ||
| 分册号: | ||
| 分册名: | 出版地: |
|
| 出版社: | ||
| 出版时间: | ||
| 页数: | 110 p. ; | |
| 开本: | 26cm. | |
| 丛书名: | ||
| 中图分类号: | ||
| 科图分类号: | ||
| 其他分类号: | J651 | |
| 主题词: | ||
| 电子资源: | ||
| 000 | 00303nam 2200133 a 4500 | |
| 001 | E0739084704 | |
| 005 | 20070226105212.96 | |
| 008 | 070226s 00010 eng | |
| 020 | @cCNY0.80. | |
| 040 | @aPFT@beng | |
| 090 | @aJ651 | |
| 099 | @dJ651@ex26 | |
| 245 | @aSongs of Stephen Foster. | |
| 300 | @a110 p. ;@c26cm. | |
| Songs of Stephen Foster. |
| 110 p. ; ; 26cm. |
| ISBN CNY0.80. |
| ● |
| 相关链接 |
|
|
|
|
正题名:Songs of Stephen Foster
索取号:J651/x26
 
预约/预借
| 序号 | 登录号 | 条形码 | 馆藏地/架位号 | 状态 | 备注 |
| 1 | 38303 | 001690245 | 第四借阅区/ [索取号:J651/x26] | 在馆 | |
| 2 | 38304 | 001690325 | 第四借阅区/ [索取号:J651/x26] | 在馆 |